Εφαρμογή της οδηγίας πλαίσιο για τα εδάφη στην Ελλάδα
Αποθηκεύτηκε σε:
| Κύριος συγγραφέας: | |
|---|---|
| Συγγραφή απο Οργανισμό/Αρχή: | |
| Άλλοι συγγραφείς: | |
| Μορφή: | Thesis Βιβλίο |
| Γλώσσα: | Greek |
| Δημοσίευση: |
2008
|
| Θέματα: | |
| Διαθέσιμο Online: | http://hdl.handle.net/11610/15364 |
| Ετικέτες: |
Προσθήκη ετικέτας
Δεν υπάρχουν, Καταχωρήστε ετικέτα πρώτοι!
|
MARC
| LEADER | 00000cam a2200000 i 4500 | ||
|---|---|---|---|
| 001 | 1/104704 | ||
| 008 | 090505s2008 gre d | ||
| 035 | |l 10104517 | ||
| 040 | |a GR-MY-UA |b gre |e aacr | ||
| 041 | 0 | |a gre | |
| 082 | 0 | |a 333.72 |2 (22) | |
| 100 | 1 | |a Βαρζώκας, Νικόλαος. | |
| 245 | 1 | 0 | |a Εφαρμογή της οδηγίας πλαίσιο για τα εδάφη στην Ελλάδα / |c Βαρζώκας Νικόλαος ; υπεύθυνη καθηγήτρια κ. Σκαναβή |
| 260 | |c 2008 | ||
| 300 | |a 120 σ.; |b πιν.; |c 30 εκ. | ||
| 500 | |a Βιβλιογραφία: σ. 99-104 | ||
| 502 | |a Διατριβή (μεταπτυχιακή) – Πανεπιστήμιο Αιγαίου, Λέσβος, 2008. | ||
| 650 | 0 | 0 | |a Soils |x Quality |x Law and legislation. |
| 650 | 0 | 0 | |a Soil degradation |x Law and legislation |z Greece. |
| 650 | 0 | 0 | |a Land use |x Environmental aspects |z Greece. |
| 650 | 0 | 0 | |a Land use |x Law and legislation |z Greece. |
| 650 | 0 | 0 | |a Land degradation |x Control |x Law and legislation. |
| 650 | 0 | 0 | |a Dissertations, Academic |z Greece. |
| 700 | 1 | |a Τσαμπούκου-Σκαναβή, Κωνσταντίνα. |4 ths | |
| 710 | 2 | |a Πανεπιστήμιο Αιγαίου |b Σχολή Περιβάλλοντος |b Τμήμα Περιβάλλοντος |b Πρόγραμμα Μεταπτυχιακών Σπουδών Γεωργία και Περιβάλλον. | |
| 852 | |a INST |b LESVOS |c DIATR |e 20090505 |h 251 |p 005100045424 |q 005100045424 |t MTXE |y 23 | ||
| 852 | |a INST |b LESVOS |c DIATR |e 20090505 |h 252 |p 005100045423 |q 005100045423 |t MTXE |y 23 | ||
| 856 | |u http://hdl.handle.net/11610/15364 | ||
| 901 | |a BIBL1-2009-2 | ||
| 909 | |a Λ |b 130179 | ||
| 909 | |a Λ |b 130180 | ||
| 924 | |a ΒΑΡΖΩΚΑΣ |b ΝΙΚΟΛΑΟΣ |y ΛΕΣΒΟΣ |z 2008-11 | ||
| 970 | |a ΤΖΑΦΕΡΗ |b ΕΥΑΓΓΕΛΙΑ |z 2009/05/05 | ||